Mallorca en Trento (Registro nro. 96577)

Detalles MARC
000 -LEADER
campo de control de longitud fija 00452nam a2200145 i 4500
001 - NÚMERO DE CONTROL
campo de control 96577
003 - IDENTIFICADOR DE NÚMERO DE CONTROL
campo de control ES-MaACL
005 - FECHA Y HORA DE LA ÚLTIMA TRANSACCIÓN
campo de control 20230906181935.0
007 - CAMPO FIJO DE DESCRIPCIÓN FÍSICA--INFORMACIÓN GENERAL
campo de control de longitud fija t|
008 - DATOS DE LONGITUD FIJA--INFORMACIÓN GENERAL
campo de control de longitud fija 050627s1946 sp ||||1| spa d
245 00 - MENCIÓN DEL TÍTULO
Título Mallorca en Trento
Resto del título : miscelánea conmemorativa del IV Centenario Tridentino 1545-1945.
260 ## - PUBLICACIÓN, DISTRIBUCIÓN, ETC.
Lugar de publicación, distribución, etc. Palma de Mallorca :
Nombre del editor, distribuidor, etc. Sociedad Arqueológica Luliana.
300 ## - DESCRIPCIÓN FÍSICA
Extensión 308 p., 5 lám. ;
Dimensiones 24 cm.
852 ## - LOCALIZACIÓN
Ubicación ES-MaACL
Número de control de estantería C-4246
Sublocalización o colección R.23999
Existencias
Estatus retirado Estado de pérdida Estado de daño No para préstamo Biblioteca de origen Biblioteca actual Ubicación en estantería Fecha de adquisición Fuente de adquisición Total de préstamos Signatura topográfica completa Código de barras Visto por última vez Precio de reemplazo Tipo de ítem Koha
        Biblioteca del Ateneo de Madrid Biblioteca del Ateneo de Madrid Sala Palomar 17/01/2008     C-4246 1100828 23/02/2023 23/02/2023 Libro impreso